|
|
|
|
| LEADER |
00000nab#a22000007a#4500 |
| 001 |
arbauad046061 |
| 003 |
AR-BaUAD |
| 005 |
20250711113537.0 |
| 008 |
000828|||||||||###||||||b###|0###a|spa|| |
| 040 |
|
|
|a AR-BaUAD
|c AR-BaUAD
|b spa
|
| 100 |
|
|
|a Dillon, David
|
| 245 |
|
|
|a River dancing /
|c David Dillon;
|
| 300 |
0 |
|
|b p. 70-75, 88: fot., plantas
|
| 653 |
|
|
|a PAISAJISMO
|
| 653 |
|
|
|a DISEÑO DEL PAISAJE
|
| 653 |
|
|
|a COSTANERAS
|
| 653 |
|
|
|a PLAZAS
|
| 653 |
|
|
|a HARTFORD
|
| 653 |
|
|
|a ESTADOS UNIDOS
|
| 653 |
|
|
|a BERGER-LEHMAN
|
| 653 |
|
|
|a JOHNSON, CAROL
|
| 653 |
|
|
|a CONNECTICUT
|
| 773 |
0 |
|
|t LANDSCAPE ARCHITECTURE
|g Nº8 [ago. 2000]
|
| 942 |
|
|
|c ARTI
|
| 952 |
|
|
|0 0
|1 0
|4 0
|7 0
|9 90980
|a AR-BAuAD
|b AR-BAuAD
|d 2025-07-11
|l 0
|p AAQA046061
|r 2025-07-11 11:35:37
|w 2025-07-11
|y ARTI
|
| 990 |
|
|
|a P200
|b TD
|
| 998 |
|
|
|a AAQ
|b BIBUN76
|
| 999 |
|
|
|c 70653
|d 70653
|